000 00396nam a22001697a 4500
005 20160627155204.0
008 160627b xxu||||| |||| 00| 0 eng d
020 _a81-7806-138-4
041 _aeng
082 _b10665
100 _aMalkani, Vikas
_92980
245 _aThe litlle manual of success
260 _bUnicorn Books
_c2007
300 _a145
650 _aManagement
_9241
942 _cBK
999 _c4310
_d4309